00957 2200313 4500001002100000005001700021008004100038020002200079035002400101040001200125041001300137082001900150084001900169090002300188100004200211245010900253250001100362260003200373300003800405500004800443504003100491650001700522650002400539650001000563700001800573850001200591990002200603990001800625INLIS00000000002999820170818124354.0  a978-602-6827-14-2 0010-081700000000204 aYOPDYOG0 aindgara042[23]a297.1252 a297.1252 Muh A aDEP 297.1252 Muh A0 aMUHAMMAD ALFATIH SURYADILAGAd, 1974-1 aAplikasi penelitian hadisb: dari teks ke konteksc/ Muhammad Alfatih Suryadilaga; editor, Shohibul Adib aCet. 1 aYogyakartabKalimediac2016 aviii, 243 hlm.b: ilus.c; 21 cm. aTeks dalam bahasa Indonesia dan bahasa Arab aBibliografi : hlm. 219-235 4aUlumul Hadis 4aDirayah hadis, Ilmu 4aHadis0 aShohibul Adib aYOPDYOG aCB-D.11/2016-2315 a55700-PD/A.17